000 01821cam a22003251 4500
001 gs 25000221
003 DLC
005 20260227111329.0
008 780214m19259999ua bf b 000 0 eng c
010 _ags 25000221
035 _a(OCoLC)3638525
040 _aU. S. Geol. Survey. Library.
_cCCC
_dOCoLC
_dDLC
042 _apremarc
050 0 0 _aQE328
_b.H78
082 _a556.2
100 1 _aHume, W. F.
_q(William Fraser),
_d1867-1949.
245 1 0 _aGeology of Egypt ...
_cby W. F. Hume; with preface by Col. H. G. Lyons; and a bibliography.
260 _aCairo,
_bGovernment Press,
_c1925-
300 _av.
_bplates (part fold.; incl. maps, diagrs.) tables (part fold.)
_c27 cm.
500 _aAt head of title: Ministry of finance, Egypt. Survey of Egypt.
500 _aFolded maps in pocket.
505 0 _aI. The surface features of Egypt, their determining causes and relation to geological structure.--II. The fundamental Pre-Cambrian rocks of Egypt and the Sudan; their distribution age and character.--pt. 1. The metamorphic rocks, with preface by H. H. Thomas.--pt. 2. The later plutonic and minor intrusive rocks, with a special chapter dealing with dynamical geology (cataract structure and contact metamorphism) and the age of the Pre-Cambrian rocks in Egypt.--pt. 3. The minerals of economic value associated with the intrusive Pre-Cambrian igneous rocks and ancient sediments and methods suggested for the dating of historical and geological times. Written in collaboration with R. H. Greaves.
504 _aBibliography: v. 1, p. 221-288.
650 0 _aGeology
_zEgypt.
650 0 _aGeology
_zEgypt
_vBibliography.
650 0 _aPetrology
_zEgypt.
700 1 _aLyons, H. G.
_q(Henry George),
_d1864-1944.
710 1 _aEgypt.
_bMaṣlaḥat al-Misāḥah.
700 1 _aGreaves, Richard Henry.
999 _c26390
_d26390